[Event "Paracin 2019"]
[Site "Paracin"]
[Date "2019.07.10"]
[Round "7.1"]
[White "Bashirli, Nail"]
[Black "Ivanisevic, Ivan"]
[Result "0-1"]
[WhiteElo "2367"]
[BlackElo "2612"]
[PlyCount "70"]
[EventDate "2019.??.??"]

1. e4 c5 2. Nf3 e6 3. d4 cxd4 4. Nxd4 Nc6 5. Nc3 Qc7 6. Be3 a6 7. f4 b5 8. Be2
Bb7 9. O-O Bc5 10. Kh1 Qb6 11. Nxc6 Bxe3 12. Ne5 Nf6 13. Qd3 Qd4 14. Rad1 Qxd3
15. Rxd3 Bc5 16. f5 d6 17. Ng4 Nxe4 18. fxe6 fxe6 19. b4 Nxc3 20. Rxc3 Bb6 21.
Bf3 O-O 22. Rd3 Rad8 23. Nf2 d5 24. Ng4 h5 25. Ne5 g5 26. h3 Rf5 27. Re1 Bf2
28. Re2 Bg3 29. Ng6 Kf7 30. Kg1 h4 31. Rde3 Kxg6 32. Rxe6+ Rf6 33. Bh5+ Kg7 34.
Re7+ Kh6 35. Be8 Bc8 0-1

[Event "Paracin 2019"]
[Site "Paracin"]
[Date "2019.07.10"]
[Round "7.7"]
[White "Petrov, Martin"]
[Black "Gadimbayli, Abdulla"]
[Result "0-1"]
[WhiteElo "2480"]
[BlackElo "2414"]
[PlyCount "129"]
[EventDate "2019.??.??"]

1. e4 e6 2. d4 d5 3. Nd2 Nf6 4. e5 Nfd7 5. Bd3 c5 6. c3 Nc6 7. Ne2 cxd4 8. cxd4
f6 9. exf6 Nxf6 10. Nf3 Bd6 11. O-O O-O 12. Bf4 Bxf4 13. Nxf4 Ne4 14. Ne2 Rxf3
15. gxf3 Ng5 16. f4 Nh3+ 17. Kg2 Qh4 18. f5 Qg4+ 19. Ng3 Nf4+ 20. Kh1 Qxd1 21.
Raxd1 Nxd4 22. fxe6 Ndxe6 23. Nf5 g6 24. Ne7+ Kf7 25. Nxc8 Rxc8 26. Rfe1 Kf6
27. Bb1 Rd8 28. Rc1 h5 29. h4 g5 30. Rc3 g4 31. Rce3 d4 32. Re4 Rd6 33. Kh2 d3
34. Rd1 Ng6 35. Rxd3 Rb6 36. Rb3 Rxb3 37. axb3 Nxh4 38. Ra4 Nf3+ 39. Kg3 a6 40.
Ra5 Neg5 41. Rf5+ Ke6 42. b4 b6 43. Bd3 b5 44. Bb1 Kd6 45. Bd3 Ke6 46. Bc2 Ke7
47. Rc5 Kd6 48. Bb1 Ne5 49. Kh4 Nh3 50. Rc2 Nf4 51. Kg5 Nfd3 52. Kf5 Kd5 53.
Rc8 Nxf2 54. Rd8+ Kc4 55. Kxe5 g3 56. Kf4 g2 57. Rg8 Nh3+ 58. Ke3 g1=Q+ 59.
Rxg1 Nxg1 60. Bf5 Kxb4 61. Be6 a5 62. Bd7 h4 63. Kf2 Nh3+ 64. Bxh3 Kb3 65. Kf1
0-1

[Event "Paracin 2019"]
[Site "Paracin"]
[Date "2019.07.10"]
[Round "7.19"]
[White "Janzelj, Tim"]
[Black "Gan-Od, Sereenen"]
[Result "1-0"]
[WhiteElo "2416"]
[BlackElo "2294"]
[PlyCount "145"]
[EventDate "2019.??.??"]

1. d4 g6 2. e4 Bg7 3. Nc3 d6 4. f4 Nf6 5. Nf3 O-O 6. Bd3 Bg4 7. h3 Bxf3 8. Qxf3
Nfd7 9. e5 Nc6 10. Ne2 Nb4 11. Be4 d5 12. Bd3 c5 13. c3 Nxd3+ 14. Qxd3 cxd4 15.
cxd4 Qb6 16. O-O e6 17. Bd2 Rac8 18. Bc3 Nb8 19. Kh1 Nc6 20. g4 f5 21. Rg1 Kh8
22. Rg2 Rf7 23. Rh2 Qa6 24. Qf3 b5 25. Qd3 Qb6 26. h4 b4 27. Bd2 fxg4 28. h5 g5
29. h6 Bf8 30. Rg1 b3 31. a3 Ne7 32. Rxg4 Nf5 33. fxg5 Qc6 34. Bc3 Qc4 35. Qh3
Be7 36. Rhg2 Rg8 37. Kh2 Rg6 38. Nf4 Rf8 39. Nxg6+ hxg6 40. Rf2 Kh7 41. Rd2 Rc8
42. Rd3 Qa6 43. Qf3 Rf8 44. Qe2 Rb8 45. Rd2 Qc6 46. Qd3 Qc8 47. Rg1 Rb6 48. Ba5
Ra6 49. Bb4 Bd8 50. Qxb3 Rb6 51. Qd3 Rc6 52. Rgg2 Bb6 53. Bc3 Rc4 54. Rdf2 Qc7
55. Rxf5 exf5 56. Qe3 Rc6 57. Kh1 Qe7 58. Qf3 Qd8 59. Rg1 a5 60. Qg2 a4 61. Re1
Re6 62. Qd2 Qd7 63. Qd3 Bd8 64. Bd2 Be7 65. Rc1 Rb6 66. Qc2 Qb5 67. Bb4 Rb7 68.
Bxe7 Rxe7 69. Qc5 Qb7 70. Qb4 Qd7 71. Rc6 f4 72. e6 Qd8 73. Rc8 1-0

[Event "Paracin 2019"]
[Site "Paracin"]
[Date "2019.07.10"]
[Round "7.23"]
[White "Strugnell, Carl"]
[Black "Radovanovic, Nikola"]
[Result "0-1"]
[WhiteElo "2248"]
[BlackElo "2431"]
[PlyCount "134"]
[EventDate "2019.??.??"]

1. e4 d6 2. d4 Nf6 3. Bd3 e5 4. c3 Nbd7 5. f4 g6 6. Nf3 Bg7 7. O-O O-O 8. Qe1
exd4 9. cxd4 c5 10. e5 Nd5 11. Be4 N7b6 12. dxc5 dxc5 13. Nc3 h6 14. Bb1 Nxc3
15. Qxc3 Qd5 16. a4 Be6 17. a5 Nd7 18. Re1 Qc6 19. Be4 Bd5 20. Bxd5 Qxd5 21.
Be3 Rfc8 22. Rad1 Qe6 23. Qc2 Nf8 24. Rd6 Qe7 25. Red1 c4 26. Bf2 Ne6 27. f5
gxf5 28. Qxf5 Rc7 29. Bh4 Qf8 30. Bf6 Re8 31. R1d5 b6 32. Nd4 Bxf6 33. exf6 Ng5
34. h4 Ne4 35. Qg4+ Kh8 36. Rd7 Rxd7 37. Qg7+ Qxg7 38. fxg7+ Kxg7 39. Rxd7 bxa5
40. Rc7 Nd2 41. Rxa7 Rb8 42. Rxa5 Rxb2 43. Rc5 Kf6 44. h5 Rb1+ 45. Kh2 Rf1 46.
Kh3 Rf4 47. Rc6+ Ke5 48. Ne2 Rf6 49. Rc8 Ke4 50. Ng3+ Ke3 51. Re8+ Re6 52. Rc8
Kd3 53. Rd8+ Kc2 54. Nf5 c3 55. Nd4+ Kd1 56. g4 Re3+ 57. Kh4 Rd3 58. Rc8 Rxd4
59. Rxc3 Ne4 60. Rf3 f6 61. Rf5 Ke2 62. Ra5 Nf2 63. Ra2+ Kf3 64. Ra3+ Nd3 65.
Kh3 Kf4 66. Kh4 Ne5 67. Rg3 Rd3 0-1

[Event "International Tournament "]
[Site "Paracin, Pool "]
[Date "2019.07.10"]
[Round "7.31"]
[White "Vafin, Ayrat"]
[Black "Mitev, Valentin"]
[Result "1/2-1/2"]
[WhiteElo "2213"]
[BlackElo "2296"]
[PlyCount "52"]
[EventDate "2019.07.05"]

1. Nf3 d5 2. g3 Nf6 3. Bg2 Bf5 4. O-O e6 5. d3 h6 6. b3 Be7 7. Bb2 O-O 8. Nbd2
Bh7 9. Qe1 c5 10. e4 Nc6 11. Qe2 Nd7 12. Ne1 Bf6 13. c3 Re8 14. f4 b5 15. e5
Be7 16. c4 Nb6 17. cxb5 Nd4 18. Bxd4 cxd4 19. Ndf3 Qc7 20. Nc2 Qc3 21. Rab1 a5
22. Kh1 Nd7 23. Rbc1 Qb2 24. Ncxd4 Qxe2 25. Nxe2 Ba3 26. Rc6 Nc5 1/2-1/2

[Event "International Tournament "]
[Site "Paracin, Pool "]
[Date "2019.07.10"]
[Round "7.32"]
[White "Risteski, Emil"]
[Black "Stefansson, Vignir Vatnar"]
[Result "0-1"]
[WhiteElo "2150"]
[BlackElo "2293"]
[PlyCount "104"]
[EventDate "2019.07.05"]

1. e4 e6 2. d4 d5 3. Nd2 Nc6 4. Ngf3 Nf6 5. e5 Nd7 6. Be2 Be7 7. Nf1 f6 8. exf6
Nxf6 9. Ne3 O-O 10. O-O Bd6 11. c4 dxc4 12. Nxc4 Nd5 13. Bd3 Qe8 14. Nfe5 Bxe5
15. Nxe5 Nxe5 16. dxe5 Bd7 17. Qg4 Bb5 18. Bxb5 Qxb5 19. Qxe6+ Kh8 20. a4 Qc4
21. b3 Qe4 22. Qh3 Qxe5 23. Ba3 Rfe8 24. Qf3 c6 25. g3 Rad8 26. Qf7 Qc7 27.
Qxc7 Nxc7 28. Rad1 Rxd1 29. Rxd1 Nd5 30. Kf1 Kg8 31. Rd4 a5 32. Rg4 Kf7 33. Bb2
g6 34. h4 Ke6 35. Re4+ Kd7 36. Rxe8 Kxe8 37. Ke2 Ke7 38. Kd3 Ke6 39. Ke4 b5 40.
Kd4 Kd6 41. Ba3+ b4 42. Bc1 c5+ 43. Kd3 Nb6 44. Be3 c4+ 45. bxc4 Nxa4 46. g4
Nb2+ 47. Kd4 Nd1 48. Bf4+ Kc6 49. Bg3 a4 50. Be5 Nb2 51. Bf4 a3 52. Bc1 Na4 0-1

[Event "International Tournament "]
[Site "Paracin, Pool "]
[Date "2019.07.10"]
[Round "7.33"]
[White "Wadsworth, Matthew J"]
[Black "Mammadov, Mustafa"]
[Result "1-0"]
[WhiteElo "2418"]
[BlackElo "2005"]
[PlyCount "75"]
[EventDate "2019.07.05"]

1. g3 d5 2. Nf3 Nf6 3. Bg2 g6 4. c4 c6 5. b3 Bg7 6. Bb2 O-O 7. O-O Nbd7 8. Nc3
e5 9. cxd5 Nxd5 10. Ne1 Nxc3 11. Bxc3 Qe7 12. d3 Re8 13. Qd2 Nf8 14. b4 Ne6 15.
Nf3 Nd4 16. Rfb1 Bg4 17. Bxd4 exd4 18. Rb2 Qd6 19. h3 Be6 20. a4 Bd5 21. Rc1
Re7 22. Rcc2 Rae8 23. Qc1 a5 24. bxa5 Qa3 25. Qb1 Qxa4 26. Ng5 Bxg2 27. Ra2 Qb5
28. Qxb5 cxb5 29. Kxg2 f5 30. Nf3 Re6 31. Rcb2 Ra8 32. Rxb5 Rea6 33. Rxb7 Rxa5
34. Rxa5 Rxa5 35. Rb8+ Kf7 36. Ng5+ Ke7 37. Rb7+ Kf8 38. Ne6+ 1-0

[Event "International Tournament "]
[Site "Paracin, Pool "]
[Date "2019.07.10"]
[Round "7.34"]
[White "Abramovic, Bosko"]
[Black "Pantic, Ivica"]
[Result "1-0"]
[WhiteElo "2373"]
[BlackElo "2184"]
[PlyCount "89"]
[EventDate "2019.07.05"]

1. Nf3 e6 2. g3 b5 3. Bg2 Bb7 4. O-O Nf6 5. b3 Be7 6. Na3 b4 7. Nc4 a5 8. a3 d5
9. Nce5 Nbd7 10. axb4 Nxe5 11. Nxe5 axb4 12. Bb2 O-O 13. e3 Qd6 14. Qe2 Ba6 15.
d3 Ra7 16. Ra4 Ne4 17. Bxe4 dxe4 18. Nc4 Qd5 19. Rfa1 Rfa8 20. Qg4 Bf8 21. Qxe4
Qh5 22. g4 Qh4 23. Qf4 h6 24. Qg3 Qd8 25. Be5 Qc8 26. Bd4 c5 27. Bb2 Qd8 28.
Be5 Be7 29. Bc7 Qe8 30. Bb6 Bf6 31. R1a2 Bxc4 32. Rxa7 Bd5 33. Rxa8 Bxa8 34.
Qc7 Bf3 35. h3 e5 36. Bxc5 h5 37. Ra7 hxg4 38. Qd7 Qxd7 39. Rxd7 gxh3 40. Be7
Bxe7 41. Rxe7 f6 42. Kh2 Kf8 43. Rc7 Bg2 44. f4 exf4 45. exf4 1-0

[Event "International Tournament "]
[Site "Paracin, Pool "]
[Date "2019.07.10"]
[Round "7.35"]
[White "Vidic, Teja"]
[Black "Konaplev, Anton"]
[Result "1/2-1/2"]
[WhiteElo "2166"]
[BlackElo "2314"]
[PlyCount "52"]
[EventDate "2019.07.05"]

1. Nf3 d5 2. c4 e6 3. e3 Nf6 4. g3 c5 5. Bg2 Nc6 6. O-O Be7 7. b3 O-O 8. Bb2 b6
9. Qe2 Ba6 10. Rd1 Qc7 11. Na3 Rad8 12. Rac1 Rfe8 13. d4 h6 14. Qc2 dxc4 15.
Nxc4 Bb7 16. a3 Qb8 17. dxc5 bxc5 18. Rxd8 Rxd8 19. Rd1 Rxd1+ 20. Qxd1 Qc7 21.
Nfe5 Nd8 22. Bxb7 Qxb7 23. Nd3 Qd5 24. Qc2 Qf5 25. Ne1 Qd5 26. Nd3 Qf5 1/2-1/2

[Event "International Tournament "]
[Site "Paracin, Pool "]
[Date "2019.07.10"]
[Round "7.36"]
[White "Iskos, Alexandros"]
[Black "Apaydin, Fethi"]
[Result "0-1"]
[WhiteElo "2151"]
[BlackElo "2310"]
[PlyCount "33"]
[EventDate "2019.07.05"]

1. e4 c5 2. Nf3 e6 3. c3 Nf6 4. e5 Nd5 5. g3 Nc6 6. Bg2 Qc7 7. O-O Be7 8. Re1
O-O 9. Na3 a6 10. Nc2 b5 11. d4 Bb7 12. Ne3 Nb6 13. Ng4 cxd4 14. Ng5 Qd8 15.
Nf6+ Bxf6 16. exf6 Qxf6 17. cxd4 0-1

[Event "International Tournament "]
[Site "Paracin, Pool "]
[Date "2019.07.10"]
[Round "7.37"]
[White "Dedebas, Emre Emin"]
[Black "Terziev, Dimo"]
[Result "1/2-1/2"]
[WhiteElo "2301"]
[BlackElo "2166"]
[PlyCount "40"]
[EventDate "2019.07.05"]

1. d4 Nf6 2. Nf3 g6 3. Nc3 Bg7 4. e4 d6 5. Be2 O-O 6. O-O c6 7. a4 Qc7 8. h3 e5
9. dxe5 dxe5 10. Bc4 Nbd7 11. Be3 b6 12. Qd2 Re8 13. Bh6 Nc5 14. Bxg7 Kxg7 15.
Qe3 Be6 16. Be2 a5 17. Ng5 h6 18. Nxe6+ Nxe6 19. Bc4 Nd4 20. Bd3 Ne6 1/2-1/2

[Event "International Tournament "]
[Site "Paracin, Pool "]
[Date "2019.07.10"]
[Round "7.38"]
[White "Peng, Shunkai"]
[Black "Spirliadis, Achileas"]
[Result "1-0"]
[WhiteElo "2300"]
[BlackElo "2151"]
[PlyCount "88"]
[EventDate "2019.07.05"]

1. e4 e5 2. Nf3 Nc6 3. Bb5 a6 4. Ba4 g6 5. c3 Bg7 6. d4 exd4 7. cxd4 b5 8. Bb3
Nge7 9. a4 Bb7 10. Nc3 b4 11. Nd5 h6 12. a5 Nxa5 13. Rxa5 c6 14. Ra4 cxd5 15.
Rxb4 Bc6 16. exd5 Nxd5 17. Qe2+ Qe7 18. Qxe7+ Kxe7 19. Rc4 Rhb8 20. Ba4 Bb5 21.
Bxb5 axb5 22. Rc5 Kd6 23. O-O Ra4 24. Rd1 g5 25. Be3 f5 26. g3 Rc4 27. b3 Rc3
28. Rxc3 Nxc3 29. Ra1 Rc8 30. Kf1 Ne4 31. Ra5 Rc3 32. b4 f4 33. gxf4 gxf4 34.
Bxf4+ Kd5 35. Kg2 Kc4 36. Ra7 Kxb4 37. Rxd7 Bf6 38. Nd2 Ng5 39. Bd6+ Ka5 40.
Bc5 b4 41. Ra7+ Kb5 42. Rb7+ Kc6 43. Rb6+ Kc7 44. Rxf6 Rc2 1-0

[Event "International Tournament "]
[Site "Paracin, Pool "]
[Date "2019.07.10"]
[Round "7.39"]
[White "Tyurin, Artem"]
[Black "Jocev, Milan"]
[Result "0-1"]
[WhiteElo "2107"]
[BlackElo "2297"]
[PlyCount "84"]
[EventDate "2019.07.05"]

1. c4 Nf6 2. Nc3 g6 3. e4 d6 4. d4 Bg7 5. Be2 O-O 6. Bg5 c5 7. dxc5 Qa5 8. Bd2
dxc5 9. Nd5 Qd8 10. Qc2 Nc6 11. Nf3 Bg4 12. Bc3 Bxf3 13. Bxf3 e6 14. Nxf6+ Bxf6
15. Rd1 Bxc3+ 16. bxc3 Qf6 17. O-O Rad8 18. Be2 Rxd1 19. Bxd1 Rd8 20. Be2 Qf4
21. Rd1 Rxd1+ 22. Bxd1 Qd6 23. Be2 Kg7 24. g3 g5 25. f3 Ne5 26. Qc1 h6 27. Qe3
Ng6 28. Kf2 b6 29. Qd3 Qxd3 30. Bxd3 Kf6 31. Ke3 Ke5 32. Bc2 f5 33. Ba4 f4+ 34.
Kf2 Kf6 35. Bd1 h5 36. Be2 fxg3+ 37. Kxg3 Nf4 38. Bf1 e5 39. Kf2 g4 40. Ke3 Kg5
41. Kf2 Kh4 42. Ke3 g3 0-1

[Event "International Tournament "]
[Site "Paracin, Pool "]
[Date "2019.07.10"]
[Round "7.40"]
[White "Boldoo, Erdenepurev"]
[Black "Dimitrijevic, Nenad"]
[Result "1/2-1/2"]
[WhiteElo "2295"]
[BlackElo "2150"]
[PlyCount "147"]
[EventDate "2019.07.05"]

1. d4 e6 2. c4 f5 3. Nf3 Nf6 4. g3 c6 5. Bg2 d5 6. O-O Bd6 7. Qc2 O-O 8. Nbd2
Nbd7 9. Ne1 b6 10. Nd3 Qe7 11. Nf3 Bb7 12. cxd5 cxd5 13. Bf4 Rfc8 14. Qb3 Ne4
15. Rfc1 Ba6 16. Qa4 Bxd3 17. Rxc8+ Rxc8 18. exd3 Bxf4 19. gxf4 Nef6 20. Qxa7
Qb4 21. b3 Qc3 22. Rf1 Qc6 23. Ne5 Nxe5 24. fxe5 Nh5 25. Qe7 Nf4 26. Qg5 Ne2+
27. Kh1 Nxd4 28. Rg1 Ne2 29. Rf1 Qc3 30. Qe3 Nd4 31. Rg1 f4 32. Qh3 Rf8 33. Bf1
Nf5 34. Qf3 Qxe5 35. Bh3 Nd4 36. Qg4 f3 37. a4 Rf4 38. Qg3 Ne2 39. Qg5 Qf6 40.
Qxf6 Rxf6 41. Ra1 Nf4 42. Bf1 d4 43. b4 e5 44. a5 bxa5 45. bxa5 Ra6 46. h4 Kf7
47. Kh2 Kf6 48. Kg3 Kf5 49. Kxf3 g6 50. Kg3 h6 51. Ra3 g5 52. hxg5 Kxg5 53. Bg2
Nxg2 54. Kxg2 Kf4 55. Ra4 h5 56. Ra3 Kg4 57. Ra4 h4 58. Ra3 h3+ 59. Kh2 Kf3 60.
Ra2 Kg4 61. Ra4 Kf3 62. Ra2 e4 63. dxe4 Kxe4 64. Kxh3 Kd3 65. f4 Ke3 66. Kg4 d3
67. f5 d2 68. Rxd2 Kxd2 69. Kg5 Rxa5 70. Kg6 Ke3 71. f6 Kf4 72. f7 Rg5+ 73. Kh7
Rf5 74. Kg7 1/2-1/2

[Event "International Tournament "]
[Site "Paracin, Pool "]
[Date "2019.07.10"]
[Round "7.41"]
[White "Peycheva, Gergana"]
[Black "Skuhala, Jernej"]
[Result "0-1"]
[WhiteElo "2065"]
[BlackElo "2290"]
[PlyCount "50"]
[EventDate "2019.07.05"]

1. Nf3 Nf6 2. c4 e6 3. g3 d5 4. d4 Be7 5. Bg2 O-O 6. Nc3 dxc4 7. Ne5 c5 8. dxc5
Qc7 9. Nxc4 Bxc5 10. Qb3 Nc6 11. e3 e5 12. O-O Be6 13. Qa4 a6 14. Bxc6 bxc6 15.
e4 Bd4 16. Be3 c5 17. Nd2 Rab8 18. Qc2 Qb7 19. Na4 Rfc8 20. Rfe1 Qb5 21. Rac1
Bxa2 22. b4 Be6 23. Nxc5 Qxb4 24. Nxa6 Rxc2 25. Nxb4 Rxc1 0-1

[Event "International Tournament "]
[Site "Paracin, Pool "]
[Date "2019.07.10"]
[Round "7.42"]
[White "Raghavi, N."]
[Black "Karaoglan, Kivanc"]
[Result "0-1"]
[WhiteElo "2290"]
[BlackElo "2062"]
[PlyCount "110"]
[EventDate "2019.07.05"]

1. g3 g6 2. Bg2 Bg7 3. e4 c5 4. Ne2 Nc6 5. O-O d6 6. c3 e5 7. d3 Nge7 8. Be3
O-O 9. d4 cxd4 10. cxd4 exd4 11. Nxd4 d5 12. Nxc6 bxc6 13. Bd4 Bxd4 14. Qxd4
dxe4 15. Qxe4 Bf5 16. Qf3 Qb6 17. b3 a5 18. Nc3 Rfd8 19. Rac1 Rd2 20. Rfe1 Nd5
21. Na4 Qa7 22. Re2 Rd3 23. Re3 Nxe3 24. fxe3 Rxe3 25. Qf2 Re2 26. Qxa7 Rxa7
27. Nc3 Re6 28. Rd1 Re3 29. Na4 Rd7 30. Rxd7 Bxd7 31. Nc5 Bf5 32. Nb7 Re2 33.
a4 Re5 34. Bxc6 Be6 35. Bb5 Bxb3 36. Nxa5 Bxa4 37. Bxa4 Rxa5 38. Bb3 Kg7 39.
Kg2 f5 40. h4 Ra3 41. Bd5 h6 42. Bf3 Kf6 43. g4 f4 44. h5 gxh5 45. gxh5 Rxf3
46. Kxf3 Kg5 47. Kf2 Kxh5 48. Kf3 Kg5 49. Kf2 Kg4 50. Kg2 f3+ 51. Kg1 Kg3 52.
Kh1 h5 53. Kg1 f2+ 54. Kf1 h4 55. Ke2 Kg2 0-1

[Event "International Tournament "]
[Site "Paracin, Pool "]
[Date "2019.07.10"]
[Round "7.43"]
[White "Martic, Zlatko"]
[Black "Kersten, Julian"]
[Result "1-0"]
[WhiteElo "2283"]
[BlackElo "1951"]
[PlyCount "101"]
[EventDate "2019.07.05"]

1. d4 Nf6 2. Nf3 g6 3. Bf4 Bg7 4. e3 d6 5. h3 O-O 6. Be2 b6 7. O-O c5 8. a4 a6
9. Nbd2 Nbd7 10. Bh2 Bb7 11. c3 Rc8 12. Re1 Rc7 13. Bd3 Qa8 14. Qe2 cxd4 15.
exd4 Nd5 16. Bb1 Nb8 17. c4 Nb4 18. a5 bxa5 19. c5 Rd7 20. cxd6 exd6 21. Ne4
Bxe4 22. Bxe4 d5 23. Bb1 N8c6 24. Qd2 Qa7 25. Rd1 Re8 26. Bf4 Qb6 27. Ra3 Rde7
28. Be3 Rb7 29. Rc1 Na7 30. Rac3 Nb5 31. Rc8 Rb8 32. R8c5 Nd6 33. Bh6 Nc4 34.
Qf4 Nxb2 35. h4 N2d3 36. Qg5 Nxc1 37. Rxc1 Qf6 38. Qd2 Rbc8 39. Rd1 Qe6 40. Be3
Qc6 41. Bh6 Qc3 42. Qf4 a4 43. h5 a3 44. Bxg7 Kxg7 45. h6+ Kf8 46. Qd6+ Re7 47.
Ng5 Qc7 48. Nxh7+ Ke8 49. Qxb4 Qc6 50. Ng5 Qc3 51. h7 1-0

[Event "International Tournament "]
[Site "Paracin, Pool "]
[Date "2019.07.10"]
[Round "7.44"]
[White "Angun, Batu"]
[Black "Pastar, Slaven"]
[Result "1/2-1/2"]
[WhiteElo "2054"]
[BlackElo "2276"]
[PlyCount "120"]
[EventDate "2019.07.05"]

1. d4 Nf6 2. c4 e6 3. Nf3 b6 4. g3 Ba6 5. b3 Bb4+ 6. Bd2 Be7 7. Bg2 d5 8. O-O
O-O 9. Ne5 Bb7 10. Nc3 Nbd7 11. Bf4 a6 12. Rc1 Rc8 13. cxd5 exd5 14. Na4 Nxe5
15. Bxe5 Bd6 16. Nc3 Ne4 17. Bxd6 Qxd6 18. Qd3 f5 19. e3 Rce8 20. a4 Re7 21. a5
Qb4 22. axb6 Qxb3 23. Bxe4 fxe4 24. Qd2 cxb6 25. Rb1 Qa3 26. Rxb6 Ref7 27. Qb2
Qe7 28. Rb1 Bc8 29. Nxd5 Qg5 30. Nf4 Qg4 31. Rb8 g5 32. Ng2 Rxf2 33. Qxf2 Rxf2
34. Kxf2 Kg7 35. Kg1 Be6 36. R8b7+ Kg6 37. R7b6 Kf7 38. Rxa6 Qe2 39. Rab6 Bh3
40. R6b2 Qd3 41. Rf2+ Kg6 42. Re1 Bg4 43. h4 h6 44. Ref1 Bh3 45. hxg5 hxg5 46.
Kh2 Bxg2 47. Kxg2 Qxe3 48. d5 Qd3 49. Re1 Qxd5 50. Rfe2 Kf5 51. Rxe4 Qxe4+ 52.
Rxe4 Kxe4 53. g4 Kf4 54. Kf2 Kxg4 55. Kg2 Kf4 56. Kf2 g4 57. Kg2 g3 58. Kg1 Kf3
59. Kf1 g2+ 60. Kg1 Kg3 1/2-1/2

[Event "International Tournament "]
[Site "Paracin, Pool "]
[Date "2019.07.10"]
[Round "7.45"]
[White "Shahil, Dey"]
[Black "Ivanovic, Marko"]
[Result "1/2-1/2"]
[WhiteElo "2037"]
[BlackElo "2267"]
[PlyCount "145"]
[EventDate "2019.07.05"]

1. e4 c5 2. Nc3 Nc6 3. g3 g6 4. Bg2 Bg7 5. Nge2 d6 6. d3 e6 7. Be3 Nd4 8. O-O
Rb8 9. Qd2 b5 10. Nd1 b4 11. f4 Ne7 12. g4 f5 13. gxf5 exf5 14. Ng3 O-O 15. c3
bxc3 16. bxc3 Nb5 17. a4 Nc7 18. Nf2 Ba6 19. Rfd1 Qe8 20. Nh3 Kh8 21. Ng5 h6
22. Nf3 Rb3 23. Rdc1 Qb8 24. Nh4 Bf6 25. Nf3 Ne6 26. Bh3 Qb7 27. Bg2 Rb2 28.
Rc2 Rb1+ 29. Rc1 Rxa1 30. Rxa1 Qb3 31. Rc1 Bg7 32. exf5 Nxf5 33. Nxf5 gxf5 34.
Nh4 Rg8 35. Ng6+ Kh7 36. Ne7 Re8 37. Nxf5 Bf8 38. Be4 Kh8 39. Qg2 Qxa4 40. Nh4
Bg7 41. Qg6 Nf8 42. Qf7 Rxe4 43. dxe4 Qxe4 44. Kf2 Bc4 45. Qf5 Qe8 46. Rg1 Bf7
47. Qd3 Qd7 48. f5 Qa4 49. Nf3 Qc6 50. Qd2 d5 51. Bf4 Nd7 52. Rg4 Nf6 53. Ne5
Nxg4+ 54. Nxg4 Bh5 55. f6 Bxf6 56. Nxf6 Qxf6 57. Qe3 Qf5 58. Kg3 Kh7 59. Qe7+
Qf7 60. Qxf7+ Bxf7 61. Be3 d4 62. cxd4 c4 63. d5 a5 64. d6 Be6 65. Kf4 Kg6 66.
Ke5 Bf5 67. Kd4 Be6 68. d7 Bxd7 69. Kxc4 h5 70. h4 Kf5 71. Kb3 a4+ 72. Ka3 Ke4
73. Bg5 1/2-1/2

[Event "International Tournament "]
[Site "Paracin, Pool "]
[Date "2019.07.10"]
[Round "7.46"]
[White "Patil, Mitali"]
[Black "Holland, James P"]
[Result "0-1"]
[WhiteElo "2009"]
[BlackElo "2263"]
[PlyCount "78"]
[EventDate "2019.07.05"]

1. e4 c5 2. c3 d5 3. exd5 Qxd5 4. d4 g6 5. Na3 Bg7 6. Be3 cxd4 7. Nb5 Na6 8.
Bxd4 Nf6 9. Nxa7 Bd7 10. Nf3 O-O 11. Be2 Nc5 12. c4 Qf5 13. Nh4 Qg5 14. Nf3 Qf5
15. Nh4 Qe4 16. Bxc5 Qxh4 17. O-O Be6 18. Qc2 Ng4 19. Bxg4 Qxg4 20. Rfe1 Rfd8
21. Red1 Bxc4 22. h3 Qe6 23. Rxd8+ Rxd8 24. Rd1 Bd5 25. a4 Be5 26. b4 Bb8 27.
a5 Qe5 28. g3 h5 29. Bb6 Re8 30. Bd4 Qe6 31. Be3 Bf3 32. Kh2 Bxd1 33. Qxd1 h4
34. Qf3 hxg3+ 35. fxg3 Rd8 36. Nb5 Rd3 37. Qxb7 Bxg3+ 38. Kxg3 Qxe3+ 39. Kg2
Qe2+ 0-1

[Event "International Tournament "]
[Site "Paracin, Pool "]
[Date "2019.07.10"]
[Round "7.47"]
[White "Popovic, Aleksandar M"]
[Black "Harshini, A."]
[Result "1-0"]
[WhiteElo "2234"]
[BlackElo "2018"]
[PlyCount "71"]
[EventDate "2019.07.05"]

1. Nf3 d5 2. g3 Nf6 3. Bg2 c5 4. O-O Nc6 5. c4 Bf5 6. cxd5 Nxd5 7. d3 Nf6 8.
Na3 e5 9. Nc4 Bd6 10. Qb3 Rb8 11. Qa3 Qd7 12. d4 Be7 13. Nfxe5 Nxe5 14. dxe5
Ng4 15. Bf4 Be6 16. h3 g5 17. Bxg5 Bxc4 18. Bxe7 Qxe7 19. hxg4 Bxe2 20. Qxa7
O-O 21. Rfc1 Rfc8 22. Rc3 Bxg4 23. Re1 Bf5 24. a3 Qc7 25. Qa4 b5 26. Qf4 Bg6
27. Qg5 b4 28. axb4 Rxb4 29. e6 fxe6 30. Rxe6 Rxb2 31. Rxg6+ hxg6 32. Qxg6+ Qg7
33. Qe6+ Qf7 34. Qxc8+ Kg7 35. Qxc5 Rb1+ 36. Bf1 1-0

[Event "International Tournament "]
[Site "Paracin, Pool "]
[Date "2019.07.10"]
[Round "7.48"]
[White "Yerden, Huseyin Eren"]
[Black "Manish, Anto Cristiano F"]
[Result "1-0"]
[WhiteElo "1992"]
[BlackElo "2208"]
[PlyCount "91"]
[EventDate "2019.07.05"]

1. d4 d5 2. c4 c6 3. Nf3 Nf6 4. g3 dxc4 5. Bg2 Nbd7 6. O-O e6 7. a4 b5 8. axb5
cxb5 9. Ne5 Nd5 10. Nc3 Bb7 11. Nxb5 Nxe5 12. dxe5 Bc5 13. e4 Nb4 14. Qg4 Rg8
15. Be3 Qd7 16. Ra5 Bb6 17. Nd6+ Kf8 18. Rb5 Nd3 19. Bxb6 Bc6 20. Ra5 axb6 21.
Rxa8+ Bxa8 22. Nxc4 Qd4 23. Ne3 Nxe5 24. Qh4 Ng6 25. Qg5 f6 26. Qb5 Kf7 27. b4
Ne5 28. Rd1 Bc6 29. Qe2 Qxb4 30. f4 Ng6 31. f5 Nf8 32. Qa2 Qa4 33. Qb2 Qa5 34.
Kh1 g6 35. Ng4 e5 36. Nh6+ Kg7 37. Nxg8 Kxg8 38. fxg6 hxg6 39. h4 Qa4 40. Ra1
Qd4 41. Qb3+ Kg7 42. Ra7+ Nd7 43. Qe6 Bb5 44. Qe7+ Kh6 45. Ra8 Qa1+ 46. Rxa1
1-0

[Event "International Tournament "]
[Site "Paracin, Pool "]
[Date "2019.07.10"]
[Round "7.49"]
[White "Kanov, Nikola"]
[Black "Uzumcu, Ahmet Utku"]
[Result "1/2-1/2"]
[WhiteElo "1908"]
[BlackElo "2201"]
[PlyCount "69"]
[EventDate "2019.07.05"]

1. e4 c5 2. Nf3 d6 3. d4 cxd4 4. Nxd4 Nf6 5. Nc3 a6 6. f3 e6 7. Be3 b5 8. Qd2
b4 9. Nce2 e5 10. Nb3 Nc6 11. Ng3 Be6 12. Bd3 Be7 13. O-O O-O 14. Rad1 a5 15.
f4 exf4 16. Bxf4 a4 17. Nc1 Rc8 18. Kh1 Qa5 19. Nf5 Bxf5 20. exf5 d5 21. Ne2
Rfe8 22. Ng3 Qb6 23. Bg5 h6 24. Bxh6 gxh6 25. Qxh6 Ng4 26. Qh5 Nf2+ 27. Rxf2
Qxf2 28. Rf1 Qxf1+ 29. Bxf1 Ne5 30. Qh6 Ng4 31. Qf4 Nf6 32. Qg5+ Kf8 33. h4
Rxc2 34. h5 Ng8 35. Qf4 1/2-1/2

[Event "International Tournament "]
[Site "Paracin, Pool "]
[Date "2019.07.10"]
[Round "7.50"]
[White "Sahil, Tickoo"]
[Black "Munkhzul, Davaakhuu"]
[Result "1-0"]
[WhiteElo "2187"]
[BlackElo "1863"]
[PlyCount "107"]
[EventDate "2019.07.05"]

1. Nf3 Nf6 2. g3 e6 3. c4 Be7 4. Bg2 O-O 5. O-O d5 6. b3 b6 7. Bb2 Bb7 8. e3
Nbd7 9. Qe2 Nc5 10. Ne5 Nce4 11. d3 Nd6 12. Rd1 c5 13. Nc3 Qc7 14. Rac1 dxc4
15. dxc4 Bxg2 16. Kxg2 Nf5 17. Nb5 Qb7+ 18. Qf3 Qxf3+ 19. Kxf3 a6 20. Nc3 Bd6
21. Ne4 Nxe4 22. Kxe4 Rfd8 23. Kf3 f6 24. Nd3 Kf7 25. e4 Nd4+ 26. Bxd4 cxd4 27.
e5 fxe5 28. Re1 Kf6 29. Re4 b5 30. c5 Bc7 31. Kg2 a5 32. Rce1 Ra6 33. Nxe5 Bxe5
34. Rxe5 b4 35. Rh5 d3 36. Rd1 e5 37. Kf3 Rc6 38. Ke3 Rxc5 39. Rxh7 Rc2 40. Rd2
e4 41. Rh4 Rxd2 42. Rf4+ Ke5 43. Rxe4+ Kd5 44. Rd4+ Kc5 45. Rc4+ Kb5 46. Kxd2
a4 47. Rg4 axb3 48. axb3 Rc8 49. Rg5+ Kb6 50. Rxg7 Rc2+ 51. Kxd3 Rxf2 52. h4
Kb5 53. Rg5+ Kb6 54. Kc4 1-0